Seed identification manual. (Record no. 20930)

MARC details
000 -LEADER
fixed length control field 00349nam a2200133Ia 4500
082 ## - DEWEY DECIMAL CLASSIFICATION NUMBER
Classification number 581.48
Item number MAR
100 ## - MAIN ENTRY--AUTHOR NAME
Personal name BARKLEY, William D
245 #0 - TITLE STATEMENT
Title Seed identification manual.
260 ## - PUBLICATION, DISTRIBUTION, ETC. (IMPRINT)
Place of publication Delhi
Name of publisher Oxford & IBH
Year of publication 1961
650 ## - SUBJECT ADDED ENTRY--TOPICAL TERM
Topical Term Seed identification
700 ## - ADDED ENTRY--PERSONAL NAME
Personal name MARTIN, Alexander C
942 ## - ADDED ENTRY ELEMENTS (KOHA)
Koha item type Books
Holdings
Withdrawn status Lost status Damaged status Not for loan Home library Current library Date acquired Full call number Accession Number Koha item type
        RRII Library RRII Library 16/12/2021 581.48 MAR 01652 Books